[Event "Bad Woerishofen op 34th"]
[Site "Bad Woerishofen"]
[Date "2018.03.03"]
[Round "9"]
[White "Straesser, Gerda"]
[Black "Schuessler, Thomas"]
[Result "1/2-1/2"]
[WhiteElo "1658"]
[BlackElo "1811"]
[PlyCount "52"]
[EventDate "2018.02.23"]
[EventType "swiss"]
[EventRounds "9"]
[EventCountry "GER"]
[SourceTitle "EXT 2019"]
[Source "ChessBase"]
[SourceDate "2018.10.10"]
[SourceVersion "1"]
[SourceVersionDate "2018.10.10"]
[SourceQuality "1"]

1. e4 d5 2. exd5 Qxd5 3. Nc3 Qd8 4. Nf3 Nf6 5. Be2 Nc6 6. 0-0 e6 7. d4 Be7 8. h3 0-0 9. Be3 b6 10. Qd2 Bb7 11. a3 Nb8 12. Rfd1 Nd5 13. Nxd5 Bxd5 14. c4 Bb7 15. Ne1 Nd7 16. Bf3 Bxf3 17. Nxf3 Nf6 18. Qc2 h6 19. b4 a5 20. b5 c6 21. Ne5 cxb5 22. Nc6 Qc7 23. Nxe7+ Qxe7 24. cxb5 Rac8 25. Qd3 Qb7 26. f3 Nd5 1/2-1/2

[Event "Bad Woerishofen op 34th"]
[Site "Bad Woerishofen"]
[Date "2018.03.01"]
[Round "7"]
[White "Schuessler, Thomas"]
[Black "Kelemen, Norbert"]
[Result "1/2-1/2"]
[WhiteElo "1811"]
[BlackElo "1661"]
[PlyCount "44"]
[EventDate "2018.02.23"]
[EventType "swiss"]
[EventRounds "9"]
[EventCountry "GER"]
[SourceTitle "EXT 2019"]
[Source "ChessBase"]
[SourceDate "2018.10.10"]
[SourceVersion "1"]
[SourceVersionDate "2018.10.10"]
[SourceQuality "1"]

1. c4 c5 2. g3 Nf6 3. Bg2 d5 4. cxd5 Nxd5 5. Qb3 Nb6 6. d3 e5 7. Nf3 Nc6 8. Ng5 Qc7 9. Bxc6+ bxc6 10. 0-0 h6 11. Nf3 Be6 12. Qc2 Bd6 13. b3 0-0 14. Ba3 Qe7 15. Rc1 Nd7 16. Nbd2 f5 17. Nc4 Bc7 18. Ncd2 Bd6 19. Bb2 Rae8 20. Nc4 Bd5 21. Nxd6 Qxd6 22. Ne1 f4 1/2-1/2